000
00300nam a22001337a 4500
008
171106b xxu||||| |||| 00| 0 eng d
020
_a
9780130391421
041
_a
eng
080
_2
3RD
_a
330.722.6
100
_a
61
101
_a
KON
245
_a
COST ACCOUNTING
_c
HORNGREN,CH.T
942
_2
udc
_c
BK
999
_c
37840
_d
37840